SHOW ME SPACE (Record no. 795852)

MARC details
000 -LEADER
fixed length control field 00488nam a22001817b 4500
003 - CONTROL NUMBER IDENTIFIER
control field 3228
005 - DATE AND TIME OF LATEST TRANSACTION
control field 20260407153432.0
008 - FIXED-LENGTH DATA ELEMENTS--GENERAL INFORMATION
fixed length control field 260407b sa ||||| |||| 00| 0 eng d
020 ## - INTERNATIONAL STANDARD BOOK NUMBER
International Standard Book Number 9781474733472
040 ## - CATALOGING SOURCE
Original cataloging agency MPL
Language of cataloging eng
Transcribing agency 3228
Description conventions Resource Description and Access
041 ## - LANGUAGE CODE
Language code of text/sound track or separate title ENGLISH
082 #0 - DEWEY DECIMAL CLASSIFICATION NUMBER
Classification number J520 KORT
100 ## - MAIN ENTRY--PERSONAL NAME
9 (RLIN) 199038
Personal name KORTENKAMP,STEVE
Relator term author
245 ## - TITLE STATEMENT
Title SHOW ME SPACE
260 ## - PUBLICATION, DISTRIBUTION, ETC.
Place of publication, distribution, etc. ENGLAND
Name of publisher, distributor, etc. CAPSTONE GLOBAL LIBRARY LIMITED
Date of publication, distribution, etc. 2018
300 ## - PHYSICAL DESCRIPTION
Extent 32
Other physical details ILLUJSTRATIONS
Dimensions 36cm
942 ## - ADDED ENTRY ELEMENTS
Source of classification or shelving scheme Dewey Decimal Classification
item type Book
Edition DDC23
-- 307
-- Khelina Sibanyoni
-- 307
-- Khelina Sibanyoni
Holdings
Withdrawn status Lost status Source of classification or shelving scheme Damaged status Not for loan Collection code Home library Current library Shelving location Date acquired Total Checkouts Full call number Barcode Date last seen Price effective from item type
    Dewey Decimal Classification     500: Science Middelburg Regional Library Ga-Nala PL (MMID-PLEM-GANA) Non Fiction 07.04.2026   J520 KORT 3228200083158 07.04.2026 07.04.2026 Book